Quizzes
Events
Quiz Creation
Community
Videos
Private Events
Remove Ads
Sign In
Join for FREE
Feedback
Dark Mode
Quiz Categories
Sports
Geography
Music
Movies
Television
Just For Fun
Miscellaneous
History
Literature
Language
Science
Gaming
Entertainment
Religion
Holiday
For Kids
Quiz Lab
Recent
Popular Today
Quiz Kudos Today
Editor Picks
Curator Picks
Quizzes by...
Day
Popularity
Type
Ratings
Length
Year
Community
Subscriptions
Recent Discussions
Orange Saloon
Badges
Playlists
Quests
Create
Leaderboards
Showdown
Live 5
Trivia Bingo
Activity
Puzzle Library
Sporcle Events
Private Events
Virtual Trivia
Globe League
Become a Host
Pub Owners
SporcleCon
Opinionation
Our Games
Videos
Blog
Mobile Apps
Partnerships
Remove Ads and Go Orange
Feedback
Just For Fun
Clickable
Get the Picture
Humor
Quick Pick
Word Ladder
Missing Word
Mixed Word
Blitz
Minefield
This or That
Alphabet
Color
Typing
Sporcle
Puzzle
Word Play
Follow That Line
Logic
Just For Fun
Clickable
Get the Picture
Humor
Quick Pick
Word Ladder
Missing Word
Mixed Word
Blitz
Minefield
This or That
Alphabet
Color
Typing
Sporcle
Puzzle
Word Play
Follow That Line
Logic
Random Quiz
Search Sporcle
×
Quiz Lab
Quiz Lab
Just For Fun
phrase
Type in answers that appear in a list
Type in answers that appear in a list
Classic
Best Score? Go Orange.
Wheel of Fortune Before and After Stats
Can you name the word that creates 2 two word phrases
By
superfart
10m
11 Questions
99 Plays
99 Plays
99 Plays
Comments
Comments
Give Quiz Kudos
Give Quiz Kudos
-
- Ratings
hide this ad
More Info
Replay
Link that replays current quiz
Next Quiz
Link to next quiz in quiz playlist
You Got
0%
They Got
Avg Score
65%
Avg Friend Score
Upgrade to see
Score Distribution
Jump to the score distribution portion of the page
Score
0/11
Timer
10:00
0
Plays Today
Word 1
Answer
% Correct
Wheel of
Fortune
96%
Adam's
Apple
87.9%
Couch
Potato
84.8%
Bowling
Alley
73.7%
Poker
Hand
72.7%
Book
Worm
69.7%
White
House
64.6%
Ice
Cream
62.6%
Salad
Dressing
62.6%
Fire
Department
29.3%
Water
Gun
12.1%
Quiz Playlist
Details
Report
Send in Message
Add To Playlist
More Info:
ex: credit - game answer:card
Classic:
Type in answers that appear in a list
Last Updated: Feb 16, 2017
Quiz Scoreboard
CHALLENGE
Sign Up to Join the Scoreboard
Show All
Scores
Hide
Comments
May contain spoilers
Recently Published
Pick 6: Fruits
by JohnFran
Miscellaneous
15s
Click the 1999 NBA Draft
by nibperrychub
Sports
2m
Alphabetical 'K' Countries by Flag Minefield
by ylime102
Geography
3m
More to Explore
Quiz From the Vault
Featured Blog Post
15 Basketball Trivia Facts You Can Be March Mad About
hide this ad
You Might Also Like...
Tags
before
fortune
phrase
Wheel
Today's Top Quizzes in Just For Fun
Browse Just For Fun
hide this ad
Today's Top Quizzes in phrase
Browse phrase
Top Contributed Quizzes in Just For Fun
1
Seasons
2
Pick 6: Letters
3
Pick 6: Foods
4
Pick 6: Colors
5
Quick Pick: Spring Things
6
Just Another 1-25 Logic Puzzle
7
Four Seasons
8
Big Bang Theory Logic Puzzle
9
LogiCrossword: Seasons of Year
10
Spring Blitz
Explore More
Trending Topics
Kpop
Crossword
NBA
Anime
Marvel
Harry Potter
Disney
Song
Country
NFL
WWE
Pokémon
The Office
Puzzle
Soccer
hide this ad
More By:
superfart
Quiz
Plays
Rating
Category
Featured
Created
Wheel of Fortune Before and After
99
4.50
Just For Fun
Feb 21, 2014
Go to Creator's Profile
Score Distribution
Quiz Creator Spotlight
superfart
Follow
Send a Message
Quizzes Created
-
Created Quiz Play Count
-
More By This Creator
Popular Quizzes Today
1
Find the US States - No Outlines Minefield
2
Countries of Asia Without Outlines Minefield
3
Pick 6: Fruits
4
Alphabetical 'K' Countries by Flag Minefield
5
The Countries of the World
6
Find the US States
7
Match the Book to the Film X
8
US States
More Just For Fun Quizzes
Word Ladder: Distance Measurements
Published
Trending Quizzes
Pick 6: Mountains
Pick 6: Harry Potter
Pick 6: NFL Teams
Pick 6: Movie Franchises
Pick 6: Golfers
Recently Updated
NWSL Teams
pecheneg
Women's Final Four Teams by Year
bhenderson79
Presidents Quartet II
eogle
Anything But Clue(do)
eogle
Anything But Oceanian Capitals
eogle
Anything But 7
eogle
Anything But Thing
eogle
Word Ladder: February 29
pecheneg
Song Title Questions
pecheneg
Women's NCAA Tournament #1 Seeds
pecheneg
Trending Topics
Disney
Anime
Crossword
Kpop
Marvel
Harry Potter
NBA
Country
The Office
NFL
Song
Soccer
WWE
Puzzle
Pokémon
Your Account Isn't Verified!
In order to create a playlist on Sporcle, you need to verify the email address you used during registration. Go to your
Sporcle Settings
to finish the process.
Report this User
Report this user for behavior that violates our
Community Guidelines
.
Details:
Send Report
Go to the Sporcle.com Mobile Site →
Comments